01449 a2200217 4500003000500000005001700005010001600022020001500038040000900053082001400062100002300076245007700099250001200176260005200188300002900240440002900269505083600298650004201134740001601176740003901192NUST20221123172647.0 a 88026657 a0070602344 cNust00a519.5,SPI1 aSpiegel, Murray R.10aSchaum's outline statistics /cMurray R. Spiegel. and Larry J Stephens a3rd ed. a Islamabad :b National Book Foundationcc1988. a537 p. :bill. ;c28 cm. 0aSchaum's outline series. aVariables and Graphs (Page-1), Frequency Distributions (Page-36), The Mean Median, Mode and Other Measures of Central Tendency (Page-58), The Standard Devotion and Other Measures of Dispersion (Page-89), Moments, Skewness and Kurtosis (Page-114), Elementary Probability Theory (Page-127), The Binomial , Normal and Poisson Distributions (Page-155), Elementary Sampling Theory (Page-181), Statistical Estimation Theory (Page-201), Statistical Decision Theory (Page-216), Small Sampling Theory (Page-242), The Chi-Square Test (Page-261), Curve Fitting and The Method of Least Squares (Page-281), Correlation Theory (Page-311), Multiple and Partial Correlation(Page-345), Analysis of Variance (Page-362), Nonparametric Test (Page-402), Analysis of Time Series (Page-434), Statistical Process Control and Process Capability (Page-470). 0aStatisticsxProblems, exercises, etc.0 aStatistics.0 aTheory and problems of statistics.